LIBRARY & INFORMATION CENTRE, KCAET, TAVANUR

ONLINE PUBLIC ACCESS CATALOGUE (OPAC)

Development of ergonomic evaluation of a spading machine as an attachment to power tiller / (Record no. 18068)

MARC details
000 -LEADER
fixed length control field 00407nam a22001457a 4500
003 - CONTROL NUMBER IDENTIFIER
control field OSt
082 ## - DEWEY DECIMAL CLASSIFICATION NUMBER
Classification number 631.3
Item number CHA/DE
088 ## - REPORT NUMBER
Report number T600
100 ## - MAIN ENTRY--AUTHOR NAME
Personal name Chandrashekar
245 ## - TITLE STATEMENT
Title Development of ergonomic evaluation of a spading machine as an attachment to power tiller /
260 ## - PUBLICATION, DISTRIBUTION, ETC. (IMPRINT)
Name of publisher Dept. of Farm Machinery and Power Engineering
Year of publication 2023
300 ## - PHYSICAL DESCRIPTION
Number of Pages 162p.
700 ## - ADDED ENTRY--PERSONAL NAME
Personal name Sam, Bini
942 ## - ADDED ENTRY ELEMENTS (KOHA)
Koha item type Theses
Holdings
Collection code Home library Current library Full call number Accession Number Koha item type Public note
Reference KAUAET KAUAET 631.3 CHA/DE T 600 Theses PhD Thesis
free website counter